Genealogía y antropología: los avatares de una técnica de estudio

Na minha lista:
Detalhes bibliográficos
Autor principal: Porqueres i Gené, Enric (Author)
Formato: Livro
Idioma:espanhol
Publicado em: Buenos Aires Del Puerto 2008
Edição:1a. ed
Assuntos:
Tags: Adicionar Tag
Sem tags, seja o primeiro a adicionar uma tag!

MARC

LEADER 00000nam a2200000 a 4500
001 UCI7461
003 CL-VaPUC
008 080703e20080000AG |||||||||||||||||spa|d
020 |a 9789871397167 
082 0 4 |a 929  |b POR  |2 21 
100 0 |a Porqueres i Gené, Enric  |e author  |9 530710 
245 1 0 |a Genealogía y antropología: los avatares de una técnica de estudio 
250 |a 1a. ed 
300 |a 101 p 
942 |c BK 
945 |d 20080703 00:00:00  |a jtorresc 
260 |a Buenos Aires  |b Del Puerto  |c 2008 
650 0 |a Genealogía  |9 255285 
650 0 |a Antropología   |9 233030 
583 |a last modification  |c 20080703 00:00:00  |k Rodrigo Vera 
999 |c 330740  |d 330738 
952 |0 0  |1 0  |4 0  |6 929_000000000000000_POR_2008  |7 0  |8 A  |9 416495  |a BIBEDU  |b BIBEDU  |d 2019-11-22  |i 4454022  |o 929 POR 2008  |p 4454022  |r 2019-11-22  |w 2019-11-22  |y BK  |k FIL